00413 a2200145 4500003000500000005001700005040000900022082001000031100003400041245011100075260003700186300000900223650001600232651001900248Nust20170207171856.0 cNust a005.1 aNiazi, Maj Imran Khan BESE-18 aVehicle Management System (Hard / Soft-copy)cMaj Imran Khan Niazi, Maj Mohsin Riaz, Maj Uzair Nawaz Khan  aMCS, NUSTbRawalpindicJune 2016 a90 p aUG Projects aUG CSE Project